Tvorba motivačného systému pri rozvoji kreativity bakalárska práca

Gespeichert in:
Bibliographische Detailangaben
1. Verfasser: Kurilcová, Jana
Körperschaft: Fakulta podnikového manažmentu EU. Katedra manažmentu
Weitere Verfasser: Suntingerová, Ľudmila
Format: Buch
Sprache:Slowakisch
Veröffentlicht: Bratislava 2011
Tags: Tag hinzufügen
Keine Tags, Fügen Sie das erste Tag hinzu!

MARC

LEADER 00000nbm a2200000 4500
001 0140257
005 20161109111714.8
041 0 |a slo 
044 |a SK 
245 1 0 |a Tvorba motivačného systému pri rozvoji kreativity  |b bakalárska práca  |c Jana Kurilcová ; školiteľ: Ľudmila Suntingerová 
264 1 |a Bratislava  |c 2011 
300 |a 49 s. 
100 1 |a Kurilcová, Jana 
700 1 |a Suntingerová, Ľudmila 
710 2 |a Fakulta podnikového manažmentu EU. Katedra manažmentu